Online pojištění: hudba budoucnosti, nebo nezbytný standard?
Sprostredkovanie poistenia cez internet a jeho výhody. Produkty a možnosti uzatvorenia online poistenia. Ponuka online služieb v poisťovníctve. Rozdiely medzi uzatvorením poistenia návštevou poisťovne a prostredníctvom internetu.
Salvato in:
| Autore principale: | |
|---|---|
| Natura: | Capitolo di libro |
| Lingua: | ceco |
| Soggetti: | |
| Tags: |
Nessun Tag, puoi essere il primo ad aggiungerne!!
|
MARC
| LEADER | 00000naa a2200000 4500 | ||
|---|---|---|---|
| 001 | 0117909 | ||
| 005 | 20231010082339.7 | ||
| 041 | 0 | |a cze | |
| 044 | |a CZ | ||
| 245 | 1 | 0 | |a Online pojištění: hudba budoucnosti, nebo nezbytný standard? |c Ondřej Vích |
| 520 | |a Sprostredkovanie poistenia cez internet a jeho výhody. Produkty a možnosti uzatvorenia online poistenia. Ponuka online služieb v poisťovníctve. Rozdiely medzi uzatvorením poistenia návštevou poisťovne a prostredníctvom internetu. | ||
| 610 | 2 | 0 | |a Česko |
| 610 | 2 | 0 | |a poisťovníctvo |
| 610 | 2 | 0 | |a poisťovne |
| 610 | 2 | 0 | |a druhy poistenia |
| 610 | 2 | 0 | |a poistenie zmluvné |
| 610 | 2 | 0 | |a zmluvy poistné |
| 610 | 2 | 0 | |a digitalizácia |
| 610 | 2 | 0 | |a dokumenty elektronické |
| 610 | 2 | 0 | |a internet |
| 610 | 2 | 0 | |a komunikácia elektronická |
| 100 | 1 | |a Vích, Ondřej | |